| 000 | 01442nam0a22002651 4500 | ||
|---|---|---|---|
| 001 | rc\540110 | ||
| 005 | 20250621123904.0 | ||
| 035 | _a(NLR Aleph) 005777078 | ||
| 090 |
_a5085874 _c5085874 |
||
| 100 | _a20030616d1988 |||y0rusy50 ca | ||
| 101 | 0 | _arus | |
| 102 | _aRU | ||
| 105 | _ay ||||||||| | ||
| 200 | 1 |
_aОпределение экономической эффективности результатов фундаментальных научных исследований _e(Основные методол. и метод. положения) _fАН СССР, Дальневост. отд-ние, Ин-т экон. и междунар. пробл. освоения океана, Отд. экон. пробл. прод. комплекса Дальнего Востока, М-во рыб. хоз-ва СССР, Тихоокеан. НИИ рыб. хоз-ва и океанографии, Лаб. эффективности и хозрасчета н.-и. работ |
|
| 205 | _aПрепр. | ||
| 210 |
_aВладивосток _cДВО АН СССР _d1988 |
||
| 215 |
_a92 с. _d20 |
||
| 320 | _aБиблиогр.: с. 88-91 (42 назв.) | ||
| 700 | 1 |
_aТкаченко _bБ. И. _cканд. экон. наук, политолог _gБорис Иванович _9148350 _3RU\NLR\AUTH\770148386 |
|
| 801 | 0 |
_aRU _bNLR _gpsbo |
|
| 801 | 1 |
_aRU _bELAR _2rusmarc |
|
| 852 |
_aNLR _j89-4/15051 |
||
| 942 | _cBOOK | ||
| 980 | _aNB | ||